Survivor 34: Game Changers Picture Click Quiz Stats

 Plays Quiz not verified by Sporcle

Score 0/20 Timer 03:00
0 Plays Today
% Correct
Tai
92.5%
Ozzy
89.2%
Jeff
88.7%
Cirie
88.5%
Debbie
88.3%
Sandra
88.3%
Tony
88.1%
Caleb
87.9%
Michaela
87.9%
Malcolm
87.7%
% Correct
Zeke
87.3%
Andrea
86.8%
Brad
86.6%
Sarah
85.8%
Aubry
85.4%
Ciera
85.1%
Hali
85.1%
Troyzan
85%
J.T.
84.6%
Sierra
81.7%

You're not logged in!

Compare scores with friends on all Sporcle quizzes.
OR
Log In

Sporcle TV

Today on Sporcle TV


Watch our educational content, quiz creation guides, and fun videos on Sporcle TV.

Show Comments

Extras

Top Quizzes Today


Score Distribution

Your Account Isn't Verified!

In order to create a playlist on Sporcle, you need to verify the email address you used during registration. Go to your Sporcle Settings to finish the process.

Report this User

Report this user for behavior that violates our Community Guidelines.

Details: